| 000 | 00607nam a2200229 a 4500 | ||
|---|---|---|---|
| 001 | BRL_983 | ||
| 005 | 20190320211000.0 | ||
| 008 | 301013s1960----mx-#######---#000-1#spa-# | ||
| 041 | _aspa | ||
| 044 | _amx | ||
| 050 | 4 |
_aPQ7297 _b.L48 38 1960 |
|
| 100 | 1 |
_aFuentes, Carlos _95026 |
|
| 245 | 1 | 0 |
_aLa región más transparente _cpor Carlos Fuentes. |
| 250 | _a3a ed. | ||
| 260 |
_aMéxico _bFondo de Cultura Económica _c1960 |
||
| 300 |
_a460 p. _c18 cm. |
||
| 440 | 0 |
_aLetras mexicanas _v38 _925499 |
|
| 500 | _aAu1092 | ||
| 650 | 1 | 4 |
_anovela mexicana _ySiglo XX _923904 |
| 902 | _aGRL | ||
| 942 |
_2lcc _cB |
||
| 999 |
_c9795 _d9795 |
||